Statistiques concernant Quiz Pays Francophones

Cliquez ici pour prendre le quiz!

Statistiques générales

  • Ce quiz a été pris 182 fois
  • Le résultat moyen est 16 sur 29

Statistiques - réponses

%Pays% Correct
97%France
98%
75%Belgique
95%
67%Suisse
89%
63%Algérie
85%
35%Maroc
85%
29%Canada
82%
52%Tunisie
77%
26%Sénégal
75%
92%Luxembourg
74%
51%République Démocratique du Congo
73%
59%République du Congo
73%
97%Monaco
68%
33%Côte d'Ivoire
63%
70%Andorre
61%
41%Cameroun
61%
25%Guinée
57%
40%Togo
53%
33%Bénin
51%
66%Gabon
49%
42%Haïti
38%
28%République Centrafricaine
38%
26%Comores
34%
73%Maurice
34%
38%Liban
29%
50%Djibouti
25%
29%Guinée Équatoriale
23%
53%Seychelles
20%
25%Portugal
18%
32%Vanuatu
9%

Distribution des résultats

Percentile par nombre de réponses

% des personnes avec chaque résultat

Votre développement - résultats

Vous n’avez pas pris ce quiz